Deepest oceans and seas - Statistics

General Stats
  • This quiz has been taken 152 times
    113 since last reset
  • The average score is 6 of 10
Answer Stats
Depth Answer % Correct
8,376 m Atlantic Ocean
98%
10,911 m Pacific Ocean
98%
7,258 m Indian Ocean
95%
5,450 m Arctic Ocean
74%
5,267 m Mediterranean Sea
52%
7,236 m Southern Ocean
47%
5,016 m South China Sea
45%
7,686 m Caribbean Sea
43%
3,787 m Gulf of Mexico
27%
4,097 m Bering Sea
26%
No matching quizzes found
Score Distribution
Percent of People with Each Score
Percentile by Number Answered
Your Score History
You have not taken this quiz since the last reset